Library Banner

Maktobaat-i-sudi = مکتوبات صدی / (Record no. 127022)

MARC details
000 -LEADER
fixed length control field 00469nam a2200145 4500
005 - DATE AND TIME OF LATEST TRANSACTION
control field 20221108092521.0
008 - FIXED-LENGTH DATA ELEMENTS--GENERAL INFORMATION
fixed length control field 220618b ||||| |||| 00| 0 eng d
040 ## - CATALOGING SOURCE
Transcribing agency PK-LaUMT
082 ## - DEWEY DECIMAL CLASSIFICATION NUMBER
Classification number APC 297.4
Item number SHA-M
100 ## - MAIN ENTRY--PERSONAL NAME
Personal name Sharf ul Haq . . . = شرف الحق ۔ ۔ ۔
245 ## - TITLE STATEMENT
Title Maktobaat-i-sudi = مکتوبات صدی /
Statement of responsibility, etc by Sharf ul Haq . . . = شرف الحق ۔ ۔ ۔
260 ## - PUBLICATION, DISTRIBUTION, ETC. (IMPRINT)
Place of publication, distribution, etc Karachi :
Name of publisher, distributor, etc Educational Press,
Date of publication, distribution, etc 1984
300 ## - PHYSICAL DESCRIPTION
Extent 623 p.
942 ## - ADDED ENTRY ELEMENTS (KOHA)
Koha item type Books
Holdings
Withdrawn status Lost status Damaged status Home library Current library Date acquired Full call number Barcode Date last seen Price effective from Koha item type
      UMT Main Campus UMT Main Campus 2022-06-18 APC 297.4 SHA-M 143267 2022-06-18 2022-06-18 Books